Anime résumé foireux - Statistiques

Statistiques générales
  • Ce quiz a été pris 483 fois
  • Le résultat moyen est 4 sur 15
Statistiques - réponses
Hint Réponse % Correct
La cuisine te donne des orgasmes Food wars
92%
Des enfants qui enflamment des ballons de foot inazuma eleven
73%
Un mec qui se fait voler ses couilles par une vieille dandadan
55%
L'anime préféré des zoophiles beastars
48%
Un lycéen avec un pouvoir dans l'oeil code geass
38%
Un livreur de pizza qui se fait accuser du meurtre de sa mère Erased
36%
Un mec content qu'il y ai une apocalypse zombie zom 100
30%
Une fille qui n'as pas de chance et un mec qui peux pas mourir undead unluck
19%
Le roi muet ousama ranking
10%
Un suicidaire qui obtiens des flèches et des ailes platinum end
9%
Deux ados qui décident de devenir terroriste pour le fun terror in resonance
9%
Un escroc qui se fait escroquer par un autre escroc great pretender
8%
Un mec qui trouve une robot waifu qui dis un seul mot dans une poubelle chobits
3%
Des gens qui font de la musique quoi hibike euphonium
0%
Un mec qui va juste dans des bains thermal thermae romae novae
0%
Aucun quiz correspondant
Distribution des résultats
% des personnes avec chaque résultat
Percentile par nombre de réponses
Votre historique - résultats
Vous n’avez pas pris ce quiz